000 00319nam a22001457a 4500
008 230531b ||||| |||| 00| 0 eng d
020 _a9780132283861
041 _aeng
080 _a615
082 _a615NRA
100 _a16
101 _aEGZM
245 _aNUTRITION COMPETENCY GUIDE
_cNRAEF M F
942 _2udc
_cBK
999 _c59885
_d59885